| 000 | 01181cam a2200445 4500 | ||
|---|---|---|---|
| 001 | J408 | ||
| 008 | 090401t1991 xxu||||| |||| 00| 0 eng d | ||
| 035 | _a(Sirsi) u74770 | ||
| 041 | _aeng | ||
| 050 | _a333.330947 | ||
| 100 | _aHudson, Philip | ||
| 245 | _aReal estate development in Eastern Europe. | ||
| 250 | _a2nd ed. | ||
| 260 |
_aLondon _bEast 8 _c1991 |
||
| 300 | _a5v. in folder ; 30cm. | ||
| 350 | _a470 | ||
| 520 | _aFive volumes cover Eastern Europe, Czechoslovakia, Hungary, Poland and the Soviet Union. | ||
| 650 | _aBUILDING INDUSTRY | ||
| 650 | _aCZECHOSLOVAKIA | ||
| 650 | _aDEVELOPMENT CONTROL | ||
| 650 | _aEASTERN EUROPE | ||
| 650 | _aHOTELS | ||
| 650 | _aHUNGARY | ||
| 650 | _aINDUSTRIAL PROPERTY | ||
| 650 |
_aInfrastructure _96246 |
||
| 650 | _aOFFICES | ||
| 650 | _aPOLAND | ||
| 650 | _aPROPERTY DEVELOPMENT | ||
| 650 | _aPROPERTY LAW | ||
| 650 | _aRENT | ||
| 650 |
_aRESIDENTIAL PROPERTY _96266 |
||
| 650 | _aSHOPS | ||
| 650 | _aTOURISM | ||
| 650 | _aUNION OF SOVIET SOCIALIST REPUBLICS | ||
| 690 | _aOVERSEAS-EUROPE | ||
| 700 | _aAnisfeld, Lance | ||
| 710 |
_aEast 8 _9911 |
||
| 942 | _n0 | ||
| 948 | _c04/03/1997 | ||
| 999 |
_c95919 _d95919 |
||